Language Quiz

Random Language Quiz

Russian Nouns: In the Kitchen Quiz Stats

 Plays Quiz not verified by Sporcle

Support Sporcle.
Go Orange.
Score 0/17 Timer 15:00
0 Plays Today
Russian Word English Word % Correct
холодильникrefrigerator
78.1%
ножknife
71.9%
ложкаspoon
62.5%
кофеваркаcoffee maker
59.4%
миксерblender
56.3%
печьoven
53.1%
кастрюляpan
53.1%
плитаstove
46.9%
раковинаsink
46.9%
Russian Word English Word % Correct
посудаdish
46.9%
кранfaucet
43.8%
чайникteakettle
43.8%
мискаbowl
31.3%
кладовкаpantry
28.1%
метлаbroom
28.1%
веникbroom
25%
конфоркаburner
15.6%

You're not logged in!

Compare scores with friends on all Sporcle quizzes.
OR
Log In

From the Vault

Geography Sorting Gallery

by Slinenfest

Sporcle is the perfect place to perfect your aim, at least Geography-wise.
Remove Ads.
Support Sporcle.
Get the best of Sporcle when you Go Orange. This ad-free experience offers more features, more stats, and more fun while also helping to support Sporcle. Thank you for becoming a member.

Show Comments

Extras

Created Feb 10, 2011ReportNominate
Tags:English, kitchen, noun, Russia

Top Quizzes Today


Score Distribution

Your Account Isn't Verified!

In order to create a playlist on Sporcle, you need to verify the email address you used during registration. Go to your Sporcle Settings to finish the process.

Report this User

Report this user for behavior that violates our Community Guidelines.

Details: